[Event "Tashkent FIDE GP"]
[Site "Tashkent"]
[Date "2014.10.23"]
[Round "3"]
[White "Karjakin, Sergey"]
[Black "Jakovenko, Dmitrij"]
[Result "1-0"]
[WhiteElo "2767"]
[BlackElo "2747"]
[Annotator "Ftacnik,L"]
[PlyCount "69"]
[EventDate "2014.10.21"]
[EventType "tourn"]
[EventRounds "11"]
[EventCountry "UZB"]
[EventCategory "21"]
[SourceTitle "CBM 163"]
[Source "ChessBase"]
[SourceDate "2014.11.11"]
[SourceVersion "1"]
[SourceVersionDate "2014.11.11"]
[SourceQuality "1"]

1. Nf3 Nf6 2. g3 d5 3. Bg2 c5 4. O-O g6 5. d4 cxd4 6. Nxd4 Bg7 7. Nb3 O-O 8.
Nc3 e6 9. e4 {White is trying to undermine his opponent's centre as he still
enjoys a slight advantage in development.} dxe4 10. Nxe4 Nxe4 11. Qxd8 Rxd8 12.
Bxe4 Nc6 13. c3 {Objectively speaking White's intiative is very slight and
bBlack is not suffering any special inconvenience. On the other hand the
slight pull may easily turn into something more substantial. The defender has
to play well.} (13. Bg5 f6 14. Be3 f5 15. Bxc6 bxc6 16. Rfd1 Ba6 17. Rxd8+ Rxd8
18. c3 Bc4 19. Bxa7 Ra8 20. Nd2 Bd5 21. Bc5 Rxa2 22. Rxa2 Bxa2 $11 {1-0 (36)
Kirov,N (2430)-Alexakis,D (2235) Athens 1981}) 13... e5 (13... Ne5 14. Na5 Rb8
15. Bf4 Bd7 16. Rfd1 Bb5 17. Nxb7 Rxd1+ 18. Rxd1 h6 19. h4 Ba6 20. Nc5 Be2 21.
Rd2 Bb5 22. a4 $16 {1-0 (62) Paunovic,D (2480)-Ristic,N (2415) Niska Banja 1996
}) 14. Be3 (14. Bg5 f6 15. Be3 Bf5 16. Bxf5 gxf5 17. Rfd1 Kf7 18. a4 Bf8 19.
Kf1 h5 20. a5 h4 21. Ke2 h3 22. Rxd8 Rxd8 23. a6 b6 24. Ra4 Rd7 $11 {1/2 (34)
Lubashov,A (2313)-Rustemov,A (2598) Ekaterinburg 2002}) 14... f5 {It may seem
a bit surprising, but somewhat better chances for equality would have been
promised by the pointed move 14...Bf5!?} (14... Bf5 $5 15. Bxf5 gxf5 16. Rfd1
b6 17. Bg5 f6 18. Be3 Bf8 19. Kf1 Kf7 20. Ke2 Ke6 21. a4 Rab8 22. Rxd8 Nxd8 23.
Kd3 $11 {1/2 (33) Gyorkos,L (2450)-Leventic,I (2400) Osijek 1992}) 15. Bg2 (15.
Bxc6 bxc6 16. Na5 Bd7 17. Rfd1 Be8 18. Rxd8 Rxd8 19. Bxa7 Ra8 20. Bb6 Rb8 21.
Be3 Rxb2 22. Nc4 Rb8 23. a4 Ra8 24. a5 Bf7 25. Nd6 e4 26. a6 $14 {1-0 (44)
Saric,I (2549)-Slingerland,F (2415) Sarajevo 2011}) 15... Bf8 $6 {Jakovenko is
choosing a difficult method to lure White into clarifying the situation. Black
is ready to sacrifice a pawn for the compensation of the bishop pair.} (15...
e4 16. f3 exf3 17. Bxf3 Bf8 $11) 16. Rfe1 Be6 17. Bg5 Re8 (17... Rd7 18. Bxc6
bxc6 19. Rxe5 $14) 18. Bxc6 bxc6 19. Rxe5 Bd5 20. Bf4 {[%mdl 4096] Karjakin
understands perfectly that his advantage is very modest. On the other hand his
chances are quite fair, since Black has limited scope for inaccuracies.} (20.
Rxe8 Rxe8 21. Be3 Rb8 $11) 20... Bg7 21. Rxe8+ Rxe8 22. Nd2 a5 (22... Bf6 23.
h4 Bf7 $44) 23. c4 Bf7 24. Rb1 {The advances of White are incremental, but in
the meantime he can claim a small yet palpable advantage.} a4 (24... h6 25. h4
Re7 26. b3 $14) 25. b3 axb3 26. axb3 h6 27. h4 Re7 28. b4 Bc3 $2 {Good players
are also prone to make mistakes in those positions which require defensive
play. The inaccuracies are much more visible when they meet other heavyweights
able to prove them wrong.} (28... Bd4 $1 29. Nb3 (29. Bxh6 Re2 30. Rf1 Bc3 $11)
(29. b5 cxb5 30. cxb5 Re2 31. Rf1 h5 $11) 29... Bf6 30. Na5 g5 31. Be3 Re4 32.
hxg5 hxg5 33. b5 cxb5 34. cxb5 f4 35. Bc5 Ra4 36. Nc6 Bd5 $14) 29. b5 $1 cxb5
30. cxb5 Rb7 (30... Bxd2 31. Bxd2 Ba2 32. Ra1 Bb3 33. b6 Rb7 34. Be3 $16) (
30... Ba2 31. Rc1 Bxd2 32. Bxd2 Rb7 33. Rc5 Be6 34. Ba5 Rd7 35. b6 $16) 31. b6
{The protected passed pawn is a dream of the stronger party in nearly any
endgame position. Black's defensive task has become outright difficult and he
manages to go under in just a few moves.} Ba2 (31... Ba5 32. Be3 Bd5 33. Rb5
Bxd2 34. Bxd2 Bc6 35. Rb1 $16) 32. Rb5 h5 33. Nf3 Kf7 (33... Bf6 34. Bc7 Be6
35. Ne5 Bxe5 36. Rxe5 Kf7 37. f3 $18) 34. Be5 $1 {Karjakin has even managed to
avoid the complications of winning with opposite coloured bishops. Black's
position is simply lost.} Bxe5 35. Nxe5+ (35. Nxe5+ Kf6 36. f4 Ke6 37. Kf2 $18)
1-0

[Event "RUS-ch 56th"]
[Site "Krasnoyarsk"]
[Date "2003.09.10"]
[Round "7"]
[White "Malakhov, Vladimir"]
[Black "Svidler, Peter"]
[Result "1/2-1/2"]
[WhiteElo "2696"]
[BlackElo "2723"]
[Annotator "Ftacnik,L"]
[PlyCount "111"]
[EventDate "2003.09.03"]
[EventType "swiss"]
[EventRounds "9"]
[EventCountry "RUS"]
[SourceTitle "CBM 098"]
[Source "ChessBase"]
[SourceDate "2004.02.03"]
[SourceVersion "1"]
[SourceVersionDate "2004.02.03"]
[SourceQuality "1"]

1. Nf3 Nf6 2. c4 g6 3. g3 Bg7 4. Bg2 O-O 5. O-O c6 6. d4 d5 7. b3 dxc4 8. bxc4
c5 9. Bb2 cxd4 10. Nxd4 Qb6 11. Qc2 Nc6 12. Nxc6 {Black still has to work for
equality in this line, but Svidler knows what he is doing.} (12. c5 Nxd4 13.
Bxd4 Qa6 14. Qb2 Rd8 15. e3 Ne8 16. Bxg7 Nxg7 17. Nc3 Qc4 18. Qa3 Ne6 19. Rfd1
Bd7 20. Nd5 Qxc5 21. Qb2 Re8 22. Qxb7 Bc6 23. Qxc6 Qxc6 24. Nf6+ exf6 25. Bxc6
{1-0 Dizdar,G-Golubovic,B/Pula 1999/ (32)}) 12... bxc6 13. Nd2 (13. c5 Qc7 14.
Nc3 Rb8 15. Rab1 Bf5 16. e4 Be6 $11) 13... Bf5 14. Qb3 (14. e4 Nxe4 15. Bxg7
Nxd2 16. Qxd2 Kxg7 17. Qc3+ Kg8 18. c5 Qc7 $15) 14... Rfd8 15. Bc3 (15. Rfd1
Qc7 16. Nf3 Be4 $11) 15... Ng4 16. Bxg7 (16. Qxb6 axb6 17. Bxg7 Rxd2 18. Bc3
Rxe2 19. Bxc6 Raxa2 20. Rxa2 Rxa2 21. Ra1 $11) 16... Rxd2 17. Bc3 (17. h3 $2
Kxg7 18. hxg4 Bxg4 19. Qc3+ Qd4 $17) 17... Rxe2 18. h3 Nf6 (18... Nxf2 19. Qxb6
Nxh3+ 20. Bxh3 axb6 21. Bxf5 gxf5 22. Rxf5 Raxa2 23. Rxa2 Rxa2 24. Bd4 $14) 19.
Rae1 Rc2 $6 {Very risky move, since Malakhov will find the way to keep his
dark squared bishop.} (19... Re6 $5 20. Qa3 (20. Rxe6 Bxe6 21. Re1 Qa6 22. Qb4
Qxc4 23. Qxc4 Bxc4 24. Rxe7 Nd5 25. Bxd5 Bxd5 26. a4 $15) 20... Ne4 (20... Re8
21. c5 Qc7 22. Qa4 $11) 21. Ba1 Qc5 22. Qb2 Nf6 23. g4 Rxe1 24. Rxe1 Be6 $11)
20. Qa3 $1 (20. Bb4 Rb8 21. Bxe7 Nd7 22. g4 Qxb3 23. axb3 Bd3 24. Bxc6 Bxf1 25.
Kxf1 Nf8 26. Re3 Ne6 $11) 20... Nd7 (20... Be6 21. Rb1 Qd8 22. Bxc6 Rc8 23.
Rfd1 Qf8 24. Ba4 Re2 $11) 21. Ba5 (21. Rxe7 $1 Be6 (21... Bd3 22. Be4 $1 Bxe4 (
22... Rxf2 $2 23. Bxd3 (23. Rxf2 Qb1+ 24. Kh2 Bxe4 25. Rxe4 Qxe4 26. Qd6 $11)
23... Rxa2+ 24. c5 Rxa3 25. cxb6 Nxb6 26. Bb4 Rb3 (26... Rxd3 27. Rfxf7 Rd7 28.
Rg7+ Kh8 29. Rxh7+ Kg8 30. Rhg7+ Kh8 31. Rxd7 Nxd7 32. Rxd7 $18) 27. Rfxf7 Rxb4
28. Rg7+ Kh8 29. Rxh7+ Kg8 30. Bxg6 $18) 23. Rxe4 $16) 22. Be4 Rxc3 23. Qxc3
Qc5 24. Rxe6 fxe6 25. Rd1 $14) 21... Qc5 (21... Qa6 22. Rxe7 Qxc4 23. Rfe1 Rf8
24. Qe3 Rxa2 25. Rc1 $11) 22. Qxc5 Nxc5 23. Rxe7 (23. Bxc6 Rc8 24. Bg2 Be6 $17)
23... Rxa2 24. Bb4 Nd3 (24... Ne6 25. Bxc6 Rb8 26. Bc3 Kf8 27. Bf6 Bxh3 $11)
25. Bxc6 Rc8 26. Bb7 Rd8 (26... Nxb4 $2 27. Bxc8 Bxc8 28. Re8+ Kg7 29. Rxc8 $18
) 27. Bc3 (27. Rd1 Ra4 28. Bc5 Rxc4 29. Bxa7 Kf8 $11) 27... Kf8 28. Re3 (28.
Bf6 Rd6 29. Bh4 g5 30. Bxg5 f6 31. Re3 fxg5 32. Rf3 Rf6 33. g4 Ne5 34. Rxf5
Rxf5 35. gxf5 Nxc4 $15) 28... Rc2 (28... a5 29. Bf6 Rb8 30. Bg2 Nb4 31. Rd1 $14
) 29. Bf6 {White bishops are unpleasant beasts and black still has to work for
his survival.} Re8 30. Rxe8+ (30. Bg7+ Kxg7 31. Rxe8 Bxh3 32. Ra1 (32. Bg2 Bxg2
33. Kxg2 Rxc4 $11) 32... Rxc4 33. Ba6 Rd4 $11) 30... Kxe8 31. g4 (31. Bc6+ Kf8
(31... Bd7 $2 32. Be4 Rd2 33. Bg5 $18) 32. Rb1 Rc1+ 33. Rxc1 Nxc1 $14) 31...
Be6 32. Bc6+ Kf8 33. Rb1 Rc1+ 34. Rxc1 Nxc1 35. Bb5 (35. c5 Nb3 36. Be5 Ke7 37.
Bd6+ Kd8 38. Kg2 $14) 35... Nb3 36. Bb2 Ke7 37. Ba3+ Kd8 38. Bd6 a5 39. c5 $6 {
This mechanical move puts white in danger of losing the game.} (39. Be5 h5 40.
gxh5 gxh5 41. Kg2 Ke7 $11) 39... Nd4 40. Ba4 (40. Bd3 a4 $15) 40... Bb3 41. Be5
(41. Bxb3 Nxb3 42. c6 Nd4 $17) 41... Nf3+ 42. Kg2 Nxe5 (42... Nh4+ 43. Kg3 Bxa4
44. Kxh4 $11) 43. Bxb3 f6 44. Bg8 h6 45. f4 Nd3 46. Kf3 g5 $2 {It is not easy
to guess, why Svidler refrained from 46...Nxc5! with good chances of success.}
(46... Nxc5 $1 47. Bf7 (47. h4 Ke7 48. Ke3 a4) 47... g5 48. fxg5 fxg5 49. Ke3
Ke7 50. Ba2 Ne6 $17) 47. fxg5 hxg5 (47... fxg5 48. Ke4 Nxc5+ 49. Kf5 $11) 48.
Ke4 Nxc5+ 49. Kd5 Nd3 50. Ke6 Nf4+ 51. Kxf6 Nxh3 52. Ke5 Kd7 53. Kd4 Nf2 (53...
Nf4 54. Kc5 $11) 54. Bh7 Kc6 55. Bf5 Kb5 56. Kc3 1/2-1/2

[Event "Reggio Emilia 9596 38th"]
[Site "Reggio Emilia"]
[Date "1995.12.30"]
[Round "3"]
[White "Razuvaev, Yuri S"]
[Black "Belotti, Bruno"]
[Result "1-0"]
[WhiteElo "2585"]
[BlackElo "2380"]
[Annotator "Ftacnik,L"]
[PlyCount "51"]
[EventDate "1995.12.28"]
[EventType "tourn"]
[EventRounds "9"]
[EventCountry "ITA"]
[EventCategory "14"]
[SourceTitle "CBM 051"]
[Source "ChessBase"]
[SourceDate "1996.04.01"]
[SourceVersion "1"]
[SourceVersionDate "1996.04.01"]
[SourceQuality "1"]

1. d4 Nf6 2. Nf3 g6 3. g3 Bg7 4. Bg2 O-O 5. O-O d6 6. h3 $5 {Side line} (6. Nc3
Nbd7 7. d5 (7. b3 e5 8. dxe5 dxe5 9. e4 Re8 {0-1 Kholmov,R-Fischer,R/Skopje/
1967 (32)}) 7... e5 8. dxe6 fxe6 9. Nd4 Nb6 10. a4 e5 11. Nb3 a5 {Kholmov,
R-Mukhin,M/Moscow-3teams (04) ;MCL 06 1973/1/2-1/2 (39)}) 6... Nbd7 7. d5 $5 {
Razuvaevs idea.} Nb6 $2 (7... e5 $142 {normal .}) 8. Nc3 e6 9. e4 exd5 10. exd5
Re8 11. Nd4 Bd7 12. a4 Re5 $2 (12... a5 $142 $10) 13. Nf3 $1 Nfxd5 14. Nxe5
Nxc3 15. Nxf7 Nxd1 16. Nxd8 Nxb2 17. a5 $1 Rxd8 18. axb6 axb6 19. Ra7 $18 Be6
20. Rxb7 Rc8 21. Re1 Kf7 22. h4 {/\ 23.Rxe6 Kxe6 24.Bh3+} Bf5 23. Bd5+ Kf8 24.
Bg5 h6 25. Be7+ Ke8 26. Bc6+ 1-0

[Event "Nakhchivan op"]
[Site "Nakhchivan"]
[Date "2015.05.10"]
[Round "9"]
[White "Pantsulaia, Levan"]
[Black "Gupta, Abhijeet"]
[Result "1/2-1/2"]
[WhiteElo "2603"]
[BlackElo "2603"]
[Annotator "Gupta,A"]
[PlyCount "116"]
[EventDate "2015.05.02"]
[EventType "swiss"]
[EventRounds "9"]
[EventCountry "AZE"]
[SourceTitle "CBM 167"]
[Source "ChessBase"]
[SourceDate "2015.07.13"]
[SourceVersion "1"]
[SourceVersionDate "2015.07.13"]
[SourceQuality "1"]

{This was the crucial last round game. My opponent was leading the pack with
Safarli Eltaj and Gadir Guseinov but there were many people chasing them
including yours truly.} 1. Nf3 Nf6 2. g3 g6 3. b3 {One of many ways to avoid
the Grünfeld.} Bg7 4. Bb2 O-O 5. Bg2 d6 6. d4 c5 (6... e5 {interesting but
probably not entirely accurate} 7. dxe5 Ng4 8. O-O Nc6 9. c4 Ngxe5 10. Nxe5
Nxe5 11. Nc3 {and White has a strong grip on the d5-square.}) 7. O-O cxd4 8.
Nxd4 d5 9. c4 dxc4 {I wasn't really sure whether to include the e5-e4 advance
first and then take on c4 or to do it immediately. In the end I decided
against it and probably it was the right decision.} (9... e5 10. Nf3 e4 11. Nd4
dxc4 12. Nd2 cxb3 13. axb3 Re8 14. Nc4 {with the idea Nb5, White definitely
has full compesation for the pawn if not more.}) 10. Na3 $1 {This was a
shocker to me as I had expected only bxc4 and wanted to transpose into the
mainline after that.} (10. bxc4 Qb6 {This is what I was aiming for.}) 10...
cxb3 11. Qxb3 e5 12. Bxb7 (12. Ndb5 Be6 13. Nc4 Nbd7 14. Nbd6 Nb6 {Black is
definitely not worse here.}) 12... Bxb7 13. Qxb7 Qd5 (13... exd4 14. Qxa8 Qb6 {
Ideally I would want this to work but White has a strong resource here} 15. Nc4
$1 Qa6 16. Ba3 Re8 17. Nd6 Rd8 18. Rab1 $18) 14. Qxd5 Nxd5 15. Ndb5 {Well the
opening had gone quite okay for me but the problem is how to play on in such
kind of situations? To be honest I don't have an answer for that but all I
could do here is keep some pieces and hope for my opponent to blunder :)} a6 (
15... Nc6 {isn't much of an improvement} 16. Rfd1 Rfd8 17. Nc4) 16. Nd6 Nc6 17.
Nac4 Rab8 18. Rfd1 Nd4 $6 {As I said earlier I wanted to keep pieces and here
I saw my chance but objectively White should be able to get an edge after this
but then again who cares about objectivity in the final round :)} (18... Nb6
$11) 19. e3 (19. Kg2 $1 {A cool prophylaxis against ...Ne2.}) 19... Ne2+ 20.
Kg2 Nec3 21. Rd2 e4 22. Rc1 f5 23. Ba1 Rfd8 {Here I was begining to get a
little ambitious although White's position is still preferable but I could see
that my opponent was getting bit hesitant.} 24. h3 $1 {A nice waiting move.}
Rd7 $2 (24... Kf8 $8 25. g4 f4 26. exf4 Nxf4+ 27. Kh2 Nfe2 (27... Nd3 28. Rxd3
exd3 29. Bxc3 Bh6 30. Rd1 Bf4+ 31. Kg2 Bxd6 32. Nxd6 Rxd6 33. Be5 Rbd8 34.
Bxd6+ Rxd6 35. Kf3 Rd4 36. Ke3 Ra4 37. Rd2 Ra3 $11) 28. Rcc2 Ng1 $1 29. Kxg1
Rb1+ 30. Kg2 Rxa1 31. Nxe4 Rxd2 32. Ncxd2 Rxa2) (24... h5 25. Bxc3 Nxc3 26. g4
$1 $14) 25. Bxc3 $2 (25. Nxf5 {I saw this too late and luckily for me my
opponent also missed it} Nxa2 26. Rxa2 gxf5 27. Ne5 Bxe5 28. Bxe5 Rb5 29. Bd4
Rc7 30. Rac2 Rxc2 31. Rxc2 a5 $14 {It's not lost but definitely not fun to
defend either.}) 25... Nxc3 26. g4 Rbd8 27. gxf5 gxf5 28. Rdc2 Rxd6 29. Nxd6
Rxd6 30. Rxc3 Rg6+ $1 (30... Bxc3 31. Rxc3 Rg6+ 32. Kh2 {the king is much
better placed on h2 here} Kg7 33. Rc7+ Kh6 34. Rf7 Kg5 35. Kg3 {the difference.
}) 31. Kf1 (31. Kh2 Be5+ {simple but still important.}) 31... Bxc3 32. Rxc3 Kg7
33. Rc7+ Kh6 34. Rf7 Kg5 35. Rxh7 Rd6 $1 (35... Rb6 36. Rd7 Rb2 37. a4 Ra2 38.
Rd4 a5 {this also should be a draw but I wanted to exchange as many pawns as I
could.}) 36. Rg7+ Kh4 37. Rh7+ Kg5 38. Ra7 f4 39. Rg7+ Kf6 40. Rh7 Rd2 41. exf4
Rxa2 42. Rh5 Ra3 43. Kg2 e3 44. fxe3 Rxe3 45. Ra5 Rb3 46. Rg5 Ra3 {Well I knew
how to hold this position even without this a-pawn but then again why make
life so difficult :)} 47. h4 Ra2+ 48. Kf3 a5 49. h5 Ra1 50. h6 Rh1 51. Rxa5
Rxh6 52. Ra6+ Kf5 $1 (52... Kg7 {Never too late to go wrong!} 53. Rxh6 Kxh6 54.
Ke4) 53. Ra5+ Kf6 54. Ke4 Kf7 55. Ra7+ Kf8 56. Kf5 Rb6 57. Kg5 Rc6 58. f5 Rb6 {
As both Eltaj and Gadir managed to win their games, my opponent had to content
himself with third place.} 1/2-1/2

[Event "Tel Aviv ASA"]
[Site "Tel Aviv"]
[Date "1996.??.??"]
[Round "5"]
[White "Botvinnik, Ilia"]
[Black "Kantsler, Boris"]
[Result "1-0"]
[WhiteElo "2350"]
[BlackElo "2455"]
[Annotator "Har Zvi,R"]
[PlyCount "65"]
[EventDate "1996.08.??"]
[EventType "tourn"]
[EventRounds "9"]
[EventCountry "ISR"]
[EventCategory "8"]
[SourceTitle "CBM 055 Extra"]
[Source "ChessBase"]
[SourceDate "1997.01.01"]
[SourceVersion "1"]
[SourceVersionDate "1997.01.01"]
[SourceQuality "1"]

1. d4 d6 2. Nf3 Nf6 3. g3 g6 4. Bg2 Bg7 5. O-O O-O 6. h3 Nbd7 7. d5 {a very
new idea,the idea is not to let black play e5 since white will play dxe,I do
not believe this move but white has evry good results with it} (7. c4 e5 8. Nc3
{E67-E69}) 7... Nb6 (7... e5 8. dxe6 fxe6 9. c4 e5 10. Nc3 a5 11. Be3 $14 {
Razuvaev,Y}) (7... Nc5 8. Nc3 e5 9. dxe6 Bxe6 10. Nd4 Bd7 11. e4 Re8 12. Re1
Na4 13. Nxa4 Bxa4 14. Rb1 c5 15. Nb3 Bc6 16. f3 $13 {Grivas,E-Vouldis,A
Karditsa (4) 1996}) 8. Nc3 e6 (8... Bd7 9. e4 c6 10. Re1 Rc8 11. dxc6 Bxc6 12.
Nd4 Bd7 13. Nd5 e6 14. Nxf6+ Qxf6 15. c3 Rfd8 16. a4 $1 $14 {Mochalov,
E-Kovalev,A BLR-ch Minsk (5) 1996}) 9. e4 (9. dxe6 fxe6 (9... Bxe6 10. Nd4 $14)
10. e4 e5 11. a4 $14) 9... exd5 10. exd5 Re8 11. Nd4 (11. a4 a5 12. Rb1 $14)
11... Nbd7 (11... Bd7 12. a4 Re5 $2 (12... a5 13. Ndb5 $14) 13. Nf3 (13. Bf4
Nfxd5 14. Bxe5 Nxc3 15. bxc3 dxe5 $44) 13... Nfxd5 (13... Re8 14. a5 $16) 14.
Nxe5 Nxc3 15. Nxf7 $1 Nxd1 16. Nxd8 Nxb2 17. a5 $1 $16 {Razuvaev,Y-Belotti,B
Reggio Emilia 65/54 [Razuvaev,Y] 1995}) 12. a4 $5 Nc5 $2 {maybe I should give
this move ?? Kanstler really a very strong player with big positional
understanding let white play a5 in this position! it is clear that after a5
white's position is very good that's why black had to play 12...a5} 13. a5 $1
a6 14. b4 Ncd7 {well it is not a very strong plan Nd7-Nb6-Nd7-Nc5-Nd7 well!} (
14... Nce4 15. Nxe4 Nxe4 16. Ra3 $5) 15. Rb1 Nf8 16. Bb2 Bd7 17. Qd3 Re5 18. g4
$1 Qe8 (18... h5) 19. Nf3 Re7 20. Rfe1 h5 21. Rxe7 Qxe7 22. Re1 Qd8 23. g5 N6h7
24. h4 Bg4 (24... Bf5 25. Qd2 {and Nd4 attacking the bishop on f5 will come
with a tempi}) 25. Nd4 Nd7 26. f4 Qf8 27. Nd1 $1 {astrong move threating Nf2
or e3} Bxd1 (27... Re8 28. Rxe8 Qxe8 29. Ne3 $16) 28. Qxd1 Re8 29. Bh3 $1 {
move by move white makes black's position more difficult since this very big
space advantage means a lot espically when you have such knight on h7} Re7 30.
Kf2 Nc5 $4 {losing immediately black should have played 30...Qe8 but his
position is very difficult even after simply going to an ending after RxR and
Qe2 after} 31. Rxe7 Qxe7 32. bxc5 dxc5 33. Ba3 1-0

[Event "Karadjordje Serbia"]
[Site "Topola"]
[Date "2004.05.06"]
[Round "3"]
[White "Jeremic, Veljko"]
[Black "Pavlovic, Milos"]
[Result "1/2-1/2"]
[WhiteElo "2490"]
[BlackElo "2545"]
[Annotator "Hazai,L"]
[PlyCount "42"]
[EventDate "2004.05.04"]
[EventType "tourn"]
[EventRounds "11"]
[EventCountry "YUG"]
[EventCategory "13"]
[SourceTitle "CBM 101"]
[Source "ChessBase"]
[SourceDate "2004.07.27"]
[SourceVersion "1"]
[SourceVersionDate "2004.07.27"]
[SourceQuality "1"]

1. d4 Nf6 2. Nf3 g6 3. g3 Bg7 4. Bg2 O-O 5. O-O d6 6. b3 c5 (6... e5 {is the
other main alternative attacking White`s [+].}) 7. Bb2 cxd4 8. Nxd4 d5 {
Black loses a tempo, but the [+] is the most important factor here.} 9. c4 dxc4
(9... e5 {- Kurajica-Smirin, Pula zt 2000 CBM 77}) 10. Na3 {White is ready to
sacrifice a P in order to emphasize the pressure on the <<.} (10. bxc4 {
White has some pressure on the diagonals, but his << P structure is rather
weak.} Qb6 {- Taimanov-Solozhenkin, St.Petersburg-ch 1995 CBM 47} ({Pinning
the d4 N by} 10... Ng4 $5 {deserves attention as well.} 11. h3 (11. Qd2 Qb6 12.
h3 Ne5 {- 11.h3}) 11... Qb6 12. Qd2 Ne5 13. Na3 Nbc6 (13... Rd8 $5 14. Rfd1
Nbc6 $15) 14. Nxc6 bxc6 15. Bxe5 (15. Rfd1 Qc5) 15... Bxe5 16. Rab1 Qc5 $11 {
De Jong-J.Horvath, Leeuwarden op 1995})) 10... cxb3 (10... e5 {allows} 11. Ndb5
$44 (11. Nf3 $6 {Stohl} e4 $15)) 11. Qxb3 Nc6 $1 {This is the clear-cut
solution. Black gives back the P, but finishes the development.} (11... Nbd7
12. Rfc1 Qa5 13. Ndb5 Nb6 14. Bc3 Qa4 15. Qxa4 Nxa4 16. Bd4 {The white ^^
attacks fiercely Black`s <<.} Ne8 17. Bxg7 Nxg7 18. Nc7 Rb8 19. Rab1 Be6 20.
Nab5 a5 21. Nd4 Rfd8 22. e3 Bd7 23. Bxb7 {and finally White took back the
sacrificed P with a somewhat better _|_.} e5 24. Nf3 $14 {Klaric-Hebden,
Montpellier 1988}) (11... Na6 12. Nc4 (12. Rac1 $5 {against Nc5 deserves
attention as well.}) 12... Nc5 13. Qa3 Nfd7 14. Rac1 a6 15. Rfd1 {White`s
pressure is undeniable, Black has serious problems of development.} Rb8 16. Ne3
Qb6 17. Bc3 e5 {This irreversibily weakens Black`s position.} 18. Nd5 Qd6 19.
Ba5 exd4 20. Bc7 {winning material.} Qe6 21. Nf4 Qf5 22. Bxb8 b6 23. Bc7 $16 {
Kurajica-Strikovic, La Coruna 1993}) (11... Nfd7 12. Rfd1 Na6 {The simple
developing move} 13. Rac1 $5 {looks logical asgain.} (13. Nc4 Ndc5 14. Qa3 Qe8
15. Rac1 Bd7 16. Nb3 $5 $44 (16. Na5 Ba4 17. Nab3 Rd8 $13 {Strikovic-Glavina
Rossi, Zaragoza 2003}))) (11... Qb6 {Black always had problems with the
development of his Q, so he wants to exchange it as soon as possible.} 12. Nc4
(12. Qxb6 {Vogt} axb6 13. Nc4 Nfd7 14. a4 Na6 $13) 12... Qxb3 13. axb3 Nbd7 14.
Rfc1 a6 15. Rc2 (15. b4 Rb8 16. b5 axb5 17. Nxb5 Ne8 $13) 15... Rb8 16. Rac1
Re8 17. Ba3 Nd5 18. Bxd5 Bxd4 {(Bistric-Vogt, Bugojno 38/(76) 1983)} 19. e3 {
Vogt} Bf6 20. Na5 Nb6 21. Bf3 Be6 22. Rc7 $11) 12. Nxc6 (12. Bxc6 $5 {giving
up the strong fianchettoed B doesn`t look healthy.} bxc6 13. Nxc6 Qd7 (13...
Qe8 14. Rac1 Bd7 15. Qb7 $10) 14. Rac1 Re8 15. Rfd1 Qh3 $13 {Damljanovic})
12... bxc6 13. Bxc6 Be6 14. Qa4 Rc8 {and Black came out of passivity at once.}
15. Rac1 (15. Bf3 Qd2 $1 16. Bd4 a5 (16... Rfd8 17. Bxa7 $1) 17. Rfd1 Qb4 {
this was a nice Q manoeuvre!} 18. Qxb4 axb4 19. Nb5 Rc2 {1/2-1/2
Damljanovic-Smirin, Moscow 62/(57) 1994}) 15... Bd5 $11 {This leeds to mass
exchanges after which the draw is inevitable.} 16. Bxd5 Qxd5 17. Qxa7 Qxa2 18.
Rxc8 Rxc8 19. Qb7 Qe6 20. Nb5 Rd8 21. Nd4 Qd7 1/2-1/2